| 000 | 00786nam a2200229Ia 4500 | ||
|---|---|---|---|
| 003 | GCL | ||
| 008 | 140319s9999 xx 000 0 ara d | ||
| 040 |
_aGCL / _cGCL |
||
| 082 | 0 | 4 |
_a953 _bخ ح |
| 100 | 1 | _aخيرالله طلفاح | |
| 245 | 1 | 0 |
_aحديقة الافكار فى المآثر والسيروالاخبار من تاريخ المسلمين والعرب الاخيار / _cخيرالله طلفاح |
| 260 |
_a[S.N] : _bمؤسسة المطبوعات العربية ، _c1983 |
||
| 300 | _a351 ص | ||
| 490 | _a | ||
| 650 | 0 | 4 | _aالاسلام |
| 650 | 0 | 4 | _aالتاريخ الاسلامى |
| 650 | 0 | 4 | _aالخليج العربى |
| 650 | 0 | 4 | _aالعرب والفرس |
| 650 | 0 | 4 | _aالحضارة الاسلامية |
| 650 | 0 | 4 | _aاليهود |
| 942 |
_2ddc _cBK |
||
| 999 |
_c53567 _d53567 |
||